Miscellaneous investigations in Central Tikal /

Saved in:
Bibliographic Details
Main Author: Loten, H. Stanley.
Format: Book
Language:English
Published: Philadelphia : University of Pennsylvania, Museum of Archaeology and Anthropology, c2002.
Series:University Museum monograph ; 114.
Tikal reports ; no. 23A.
Subjects:
Tags: Add Tag
No Tags, Be the first to tag this record!
LEADER 01480cam a2200361 a 4500
001 009458917-8
005 20090708155548.0
008 020610s2002 paua b 001 0 eng
010 |a  2002009055 
020 |a 1931707391 (alk. paper) 
035 0 |a ocm50002332 
040 |a DLC  |c DLC  |d TOZ 
042 |a pcc 
043 |a ncgt--- 
050 0 0 |a F1435.1.T5  |b T54 1958 no. 23A 
082 0 0 |a 972.81  |2 21 
100 1 |a Loten, H. Stanley. 
245 1 0 |a Miscellaneous investigations in Central Tikal /  |c H. Stanley Loten. 
260 |a Philadelphia :  |b University of Pennsylvania, Museum of Archaeology and Anthropology,  |c c2002. 
300 |a 161 p. :  |b ill. ;  |c 29 cm. 
490 1 |a Tikal report ;  |v 23A 
490 1 |a University Museum monograph ;  |v 114 
504 |a Includes bibliographical references (p. [71]-72) and index. 
505 0 |a Introduction -- Group 3d-14, Group H -- Structure 3D-38 -- Structure 4D-14 -- Group 4E-14, Group F -- Structure 5C-9 -- Structure 5C-13 -- Group 5D-14 : "South Acropolis" -- Structure 5D-105 -- Structure 5E-51 -- Group 5e-11, Group G -- Group 6B-2 -- Chronological conclussions. 
651 0 |a Tikal Site (Guatemala) 
650 0 |a Mayas  |x Antiquities. 
650 0 |a Mayas  |x Dwellings. 
650 0 |a Land settlement patterns, Prehistoric  |z Guatemala  |z Tikal Site. 
650 0 |a Excavations (Archaeology)  |z Guatemala. 
830 0 |a University Museum monograph ;  |v 114. 
830 0 |a Tikal reports ;  |v no. 23A. 
988 |a 20040922 
906 |0 DLC